000 00358nam a2200145Ia 4500
008 230718s9999 xx 000 0 und d
041 _aEng.
082 _a31
_bاتف-ل
100 _aاتفاقی ، محمد
245 0 _aلو ہائے بار
260 _aPakistan
_bسنگ میل پل کشیپر
_c2002
300 _a200
650 _aLaw
999 _c28823
_d28823